Normal view MARC view
  • Castellanos Aguirre, Uriel José

Entry Nombre Personal

Number of records used in: 1

001 - NUMERO DE CONTROL

  • campo de control: 44802

003 - IDENTIFICADOR DE NUMERO DE CONTROL

  • campo de control: UPN

005 - FECHA Y HORA DE LA ÜLTIMA TRANSACCIÓN

  • campo de control: 20220613093458.0

008 - DATOS DE LONGITUD FIJA

  • campo de control de longitud fija: 220613|| acnnnaabn | a|a d

024 70 - OTROS IDENTIFICADORES NORMALIZADOS

  • Fuente: orcid
  • Número normalizado o código: 0000-0002-7811-5874

040 ## - FUENTE DE CATALOGACIÓN

  • Agencia original de catalogación: MX-MxUPN

100 1# - ENCABEZAMIENTO - NOMBRE PERSONAL

  • Nombre personal: Castellanos Aguirre, Uriel José

370 ## - LUGAR ASOCIADO

  • Associated country: Brasil

371 ## - DIRECCIÓN

  • Electronic mail address: uriel.castellanos@ufba.br

372 ## - CAMPO DE ACTIVIDAD

  • Field of activity: Educación y Matemática
  • Field of activity: Docencia
  • Field of activity: Investigación

373 ## - GRUPO ASOCIADO

  • Associated group: Universidad Federal de Bahía. Salvador de Bahía, Brasil.

374 ## - OCUPACIÓN

  • Occupation: Profesor universitario
  • Occupation: Investigador

375 ## - GÉNERO

  • Gender: masculino

377 ## - LENGUA ASOCIADA

  • Language code: spa

400 1# - VEÁSE - NOMBRE DE PERSONA

  • Código de relación: Aguirre, Uriel José Castellanos

670 ## - FUENTE EN LA QUE SE LOCALIZARON DATOS

  • Cita de la fuente: En recurso en línea Eduweb : Revista de Tecnología de Información y Comunicación en Educación, Vol. 14, no. 1, (2020):
  • Información localizada: página 94 (Uriel José Castellanos Aguirre)
  • Uniform Resource Identifier: https://revistaeduweb.org/index.php/eduweb/article/view/10/9

670 ## - FUENTE EN LA QUE SE LOCALIZARON DATOS

  • Cita de la fuente: En página web Reddolac - Red de Docentes de América Latina y del Caribe - "Nadie enseña a nadie, con humildad para aprender, tod@s aprendemos de tod@s, consultado Junio 13, 2022:
  • Información localizada: "Educación Mención Matemática"
  • Uniform Resource Identifier: https://reddolac.org/profile/UrielJoseCastellanosAguirre?xg_source=profiles_memberList

902 ## - CATALOGADOR

  • Catalogador: RGJD/130622